000 00620nam a2200241Ia 4500
003 OSt
005 20221005122806.0
006 a|||||r|||| 00| 0
007 ta
008 221004b |||||||| |||| 00| 0 eng d
024 _a47618
037 _cTextual
040 _aCRL
_cCRL
_beng
041 _2eng
_aeng
082 _aP111KA, J7
100 _aBright William
_952059
245 0 _aKarok language
260 _c1957
490 _aUniversity of California Publications in linguistics,13
650 _aLINGUISTICS
942 _hP111KA, J7
_cTEXL
_2cc
999 _c1045387
_d1045387